000 00349pab a2200157 454500
008 180718b2000 xxu||||| |||| 00| 0 eng d
100 _aRanade, Sudhanshu
245 _aThe Kargil Committee report
260 _c2000
300 _ap.10
362 _a8 Apr
650 _aDefence
650 _aKargil conflict
773 _aHindu
909 _a45965
999 _c45965
_d45965